|
|
|
|
| LEADER |
01309nam a2200325 i 4500 |
| 001 |
37867 |
| 003 |
BD-DhAAL |
| 005 |
20220227160645.0 |
| 008 |
220227t1979 nyua b 001 0 eng d |
| 999 |
|
|
|c 43608
|d 43608
|
| 010 |
|
|
|a 79013881
|
| 020 |
|
|
|a 080772551X
|
| 040 |
|
|
|a DLC
|c DLC
|d DLC
|d BD-DhAAL
|
| 050 |
0 |
0 |
|a LB1115
|b .A44 1979
|
| 082 |
0 |
0 |
|a 372.18
|
| 100 |
1 |
|
|a Almy, Millie Corinne,
|d 1915-
|9 46195
|
| 245 |
1 |
0 |
|a Ways of studying children :
|b an observation manual for early childhood teachers /
|c Millie Almy and Celia Genishi.
|
| 250 |
|
|
|a Revised edition
|
| 260 |
|
|
|a New York :
|b Teachers College Press,
|c c1979.
|
| 300 |
|
|
|a xiii, 215 pages ;
|b illustrations ;
|c 23 cm.
|
| 504 |
|
|
|a Includes bibliographical references and index.
|
| 526 |
|
|
|a BIED
|
| 541 |
|
|
|a Complimentary copy from BIED
|e 37867
|
| 650 |
|
0 |
|a Child development.
|9 46196
|
| 650 |
|
0 |
|a Observation (Educational method).
|9 46197
|
| 650 |
|
0 |
|a Group work in education.
|9 46198
|
| 700 |
1 |
|
|a Genishi, Celia,
|d 1944-
|e joint author.
|9 46199
|
| 852 |
|
|
|a Ayesha Abed Library
|c BIED Collection
|
| 942 |
|
|
|2 ddc
|c BK
|
| 952 |
|
|
|0 0
|1 0
|2 ddc
|4 0
|6 372_180000000000000_ALM
|7 0
|9 69923
|a BRACUL
|b BRACUL
|c GEN
|d 2022-02-27
|e Complimentary copy from BIED
|l 0
|o 372.18 ALM
|p 3010037867
|r 2022-02-27
|t 1
|w 2022-02-27
|y BK
|x Transferred from BIED to General Stacks
|